000 00427nam a2200169Ia 4500
008 220204s9999 xx 000 0 und d
082 _a576.3
_bNOV
100 _aHOLTZMAN, Eric
245 0 _aCell and organelles
250 _aEd.2
260 _aNew York
_bHolt Rinehart
_c1976
490 _aModern biology series
650 _aCell organelles
650 _aMolecular cytology
700 _aNOVIKOFF, Alex B
942 _cBK
999 _c27480
_d27480